000
00279nam a2200121Ia 4500
008
191201s2012 xx 000 0 und d
100
_a
PRADHAN, Swapna
245
0
_a
Retailing Management
260
_a
New Delhi
_b
TMH
_c
2012
300
_a
711
650
_a
BBA
942
_2
ddc
_c
BK
_0
3
999
_c
5930
_d
5930